Perem és centrum Tőzsér Árpáddal beszélget Kőrössi P. József

Bibliographic Details
Main Authors: Kőrössi, József P. (Author, Interviewer), Tőzsér, Árpád, 1935- (Author)
Format: Article
Language:Hungarian
ISSN:1336-5088
Subjects:

MARC

LEADER 00000nab a2200000 ar4500
001 vtls009164551
003 SK-MaSNL
005 20260319071152.0
008 071203c2007 xo |||||||| |000 b|hun
015 |a SNBRB2007/12  |2 snkbucl 
038 |a SNKBUCL 
040 |a DSZK  |b slo  |c DSZK  |e AACR2 
041 0 |a hun 
044 |a xo  |c SK 
080 |a 82:929:821.511.141 (437.6)  |2 1997 
080 |a 821.511.141 (437.6):929  |2 1997 
080 |a 929 Tőzsér, Árpád  |2 1997 
100 1 |a Kőrössi, József P.  |4 ivr  |4 aut  |9 1060644 
245 1 0 |a Perem és centrum  |b Tőzsér Árpáddal beszélget Kőrössi P. József 
600 1 7 |a Tőzsér, Árpád,  |d 1935-  |2 snkbucl  |9 89438 
655 7 |a rozhovory  |2 snkbucl  |9 31831 
700 1 |a Tőzsér, Árpád,  |d 1935-  |4 ive  |4 aut  |9 89438 
773 0 |t Irodalmi szemle  |g Évf. L, sz. 10 (2007), o. 86-92  |x 1336-5088 
852 |a SNK  |b KIS3GCP 
852 |a DSZK  |b KIS3GCP 
958 |a HU 
958 |a SK 
958 |a LX 
958 |a BX 
999 |c 1743074  |d 1745004